000 02222nam a2200361Ia 4500
001 SCP0NE10531PDF
003 BD-DhSAU
005 20151012144306.0
006 m|||||o||d||||||||
007 cr||||
008 110525s2011 nhuad sb 001 0 eng d
020 _a9781439868850 (ebook : PDF)
040 _aBD-DhSAU
_cBD-DhSAU
090 _aSB211.P8
_bG385 2011
092 _a635.21
_bG328
245 0 0 _aGenetics, genomics and breeding of potato
_h[electronic resource] /
_ceditors, James M. Bradeen, Chittaranjan Kole.
260 _aEnfield, N.H. :
_bScience Publishers,
_c2011.
300 _axxx, 296 p. :
_bill. (some col.).
490 1 _aGenetics, genomics and breeding of crop plants
504 _aIncludes bibliographical references and index.
505 0 _a1. Introduction to potato / J.M. Bradeen and K.G. Haynes -- 2. Classical genetics and traditional breeding / D. Carputo and L. Frusciante -- 3. Molecular breeding for potato improvement / D. De Koeyer, H. Chen and V. Gustafson -- 4. Molecular linkage maps : strategies, resources and achievements / H. Mann ... [et al.] -- 5. Mapping and tagging of simply inherited traits / J.C. Kuhl -- 6. Mapping complex potato traits / G.J. Bryan -- 7. Population genetics and association mapping / C. Gebhardt -- 8. Cloning of late blight resistance genes : strategies and progress / J.M. Bradeen -- 9. Application of molecular cytogenetics in fundamental and applied research of potato / T. Gavrilenko -- 10. Functional genomics : transcriptomics / X.-Q. Li -- 11. Proteomics and metabolomics / A.D. Hegeman -- 12. Future challenges and prospects / T. Wendt and E. Mullins.
530 _aAlso available in print edition.
538 _aMode of access: World Wide Web.
650 0 _aPotatoes
_xGenetics.
650 0 _aPotatoes
_xGenome mapping.
650 0 _aPotatoes
_xBreeding.
655 7 _aElectronic books.
_2lcsh
700 1 _aBradeen, James M.
_q(James Mathew)
700 1 _aKole, Chittaranjan.
776 1 _z9781578087150
830 0 _aGenetics, genomics and breeding of crop plants.
856 4 0 _uhttp://marc.crcnetbase.com/isbn/9781439868850
_qapplication/PDF
999 _c11823
_d11822